UBT Library

Pharmacotherapy a pathophysiology approach (Record no. 54387)

000 -LEADER
fixed length control field 00317nam a22001337a 4500
008 - FIXED-LENGTH DATA ELEMENTS--GENERAL INFORMATION
fixed length control field 190304b xxu||||| |||| 00| 0 eng d
020 ## - INTERNATIONAL STANDARD BOOK NUMBER
International Standard Book Number 9780071703543
041 ## - LANGUAGE CODE
Language code of text/sound track or separate title eng
080 ## - UNIVERSAL DECIMAL CLASSIFICATION NUMBER
Edition identifier 8th
Universal Decimal Classification number 615
100 ## - Rafti
Rafti 5
101 ## - Shkurtesa
Shkurtesa FAR
245 ## - TITLE STATEMENT
Title Pharmacotherapy a pathophysiology approach
Statement of responsibility, etc Dipiro,J.T
942 ## - ADDED ENTRY ELEMENTS (KOHA)
Source of classification or shelving scheme
Item type Books
Holdings
Withdrawn status Lost status Source of classification or shelving scheme Damaged status Not for loan Collection code Permanent location Current location Shelving location Date acquired Total Checkouts Full call number Barcode Date last seen Price effective from Koha item type
          Koleksioni i përgjithshem UBT - Lipjan UBT - Lipjan Koleksioni i përgjithshem 03/04/2019   615 DIP 002-3022584 03/04/2019 03/04/2019 Books
UBT Library © 2015-2024. All rights reserved University Education for Business and Technology